[Event "CHN League Women 2019"]
[Site "Daqing CHN"]
[Date "2019.06.27"]
[Round "9.3"]
[Board "2"]
[White "Xu, Tong"]
[Black "Zhang, Xiao"]
[Result "0-1"]
[WhiteTitle "WIM"]
[WhiteElo "2131"]
[BlackElo "2234"]
[WhiteTeam "Shenzhen"]
[BlackTeam "Jiangsu"]
[WhiteFideId "8601739"]
[BlackFideId "8610894"]
[EventDate "2019.06.19"]
[EventType "team"]

1. e4 c6 2. d4 d5 3. exd5 cxd5 4. Bd3 Nc6 5. c3 Qc7 6. h3 Nf6 7. Nf3 e6 8. O-O
Bd6 9. Re1 O-O 10. Qe2 a6 11. a4 b6 12. Nbd2 Nd7 13. Bc2 a5 14. Nf1 Ba6 15. Qd1
Bxf1 16. Kxf1 Rac8 17. Be3 Rfe8 18. Rc1 f5 19. Bd2 Nf6 20. Ng5 Nd8 21. Bd3 h6
22. Nf3 Ne4 23. c4 Qb8 24. Qb3 Nxd2+ 25. Nxd2 Bb4 26. Red1 Bxd2 27. Rxd2 Qh2 28.
Rdd1 Qh1+ 29. Ke2 Qxg2 30. Rg1 Qxh3 31. Qxb6 Nf7 32. Qa7 Qh5+ 33. Ke1 Ng5 34.
Be2 Qh2 35. Rg3 f4 36. Rg4 f3 37. Bd3 e5 38. dxe5 Qxe5+ 39. Kd1 h5 40. Rh4 Qxb2
41. Rb1 Qc3 0-1

[Event "CHN League Women 2019"]
[Site "Daqing CHN"]
[Date "2019.06.27"]
[Round "9.4"]
[Board "1"]
[White "Zhai, Mo"]
[Black "Li, Yunshan"]
[Result "1/2-1/2"]
[WhiteTitle "WGM"]
[BlackTitle "WFM"]
[WhiteElo "2358"]
[BlackElo "2264"]
[WhiteTeam "Hebei"]
[BlackTeam "Chengdu"]
[WhiteFideId "8600201"]
[BlackFideId "8607664"]
[EventDate "2019.06.19"]
[EventType "team"]

1. c4 c5 2. Nf3 Nf6 3. Nc3 d5 4. cxd5 Nxd5 5. g3 Nc6 6. Bg2 g6 7. Qb3 e6 8. O-O
Bg7 9. d3 O-O 10. Bg5 Qd7 11. Rfd1 b6 12. Rac1 h6 13. Bd2 Bb7 14. a3 Rfd8 15.
Qc2 Nd4 16. Nxd4 cxd4 17. Nxd5 Bxd5 18. Bxd5 exd5 19. Qb3 Re8 20. Re1 Re5 21. h4
Qg4 22. Bf4 Rh5 23. Kg2 Qe6 24. e3 g5 25. exd4 Qf5 26. Be5 Rd8 27. Bxg7 Kxg7 28.
Re5 Qg4 29. Qb4 gxh4 30. Rxh5 Qxh5 31. Rh1 Qg6 32. Rxh4 Re8 33. Qb5 Qe6 34. Rh5
Rd8 35. Re5 Qd6 36. Qa4 a5 37. Qd1 Qd7 38. Qe2 Rc8 39. Re7 Qf5 40. Re5 Qd7 41.
Qf3 Rd8 42. Rf5 Qe6 43. Qg4+ Qg6 44. Qf4 Qe6 45. Re5 Qd7 46. Qh4 Qd6 47. Qh5 Qg6
48. Qf3 1/2-1/2

[Event "CHN League Women 2019"]
[Site "Daqing CHN"]
[Date "2019.06.27"]
[Round "9.4"]
[Board "2"]
[White "Ren, Xiaoyi"]
[Black "Yang, Yijing"]
[Result "1-0"]
[BlackTitle "WCM"]
[WhiteElo "2255"]
[BlackElo "2135"]
[WhiteTeam "Chengdu"]
[BlackTeam "Hebei"]
[WhiteFideId "8608709"]
[BlackFideId "8608601"]
[EventDate "2019.06.19"]
[EventType "team"]

1. d4 Nf6 2. c4 g6 3. Nf3 Bg7 4. g3 O-O 5. Bg2 c6 6. O-O d5 7. cxd5 cxd5 8. Ne5
Nc6 9. Nc3 Bf5 10. Nxc6 bxc6 11. Na4 Nd7 12. Bf4 e5 13. dxe5 Nxe5 14. Rc1 Rc8
15. b3 Qe7 16. Qd2 Rfe8 17. Rfe1 Nd7 18. Be3 Nf6 19. Qa5 Qa3 20. Qd2 Qe7 21. Bd4
Ne4 22. Qe3 Bxd4 23. Qxd4 Red8 24. Nc5 Nd6 25. a4 Qc7 26. Rc3 Qb6 27. e3 Ne4 28.
Nxe4 dxe4 29. Qc4 Re8 30. b4 Be6 31. Qxe4 Bd5 32. Qf4 Bxg2 33. Kxg2 c5 34. bxc5
Rxc5 35. Rxc5 Qxc5 36. Rd1 Qc6+ 37. Kg1 Re4 38. Qb8+ Kg7 39. Qb2+ Qf6 40. Qb3
Qc6 41. Rd4 Qc1+ 42. Kg2 Qc6 43. Rxe4 Qxe4+ 44. f3 Qc6 45. Qb2+ Kh6 46. a5 Qc5
47. Qd2 a6 48. h4 Qb5 49. g4 f6 50. e4+ Kg7 51. g5 fxg5 52. hxg5 Qe5 53. Qd7+
Kf8 54. Qd2 Kg7 55. Qd5 Qb2+ 56. Kg3 Qc1 57. Qe5+ Kg8 58. Kg4 Qg1+ 59. Qg3 Qb1
60. Qf2 Qb5 61. Qd2 Qf1 62. Kf4 Kg7 63. Qd7+ Kg8 64. Qc6 Qe2 1-0

[Event "CHN League Women 2019"]
[Site "Daqing CHN"]
[Date "2019.06.27"]
[Round "9.4"]
[Board "3"]
[White "Li, Zimeng"]
[Black "Chen, Hongbei"]
[Result "1/2-1/2"]
[WhiteElo "1572"]
[BlackElo "1540"]
[WhiteTeam "Hebei"]
[BlackTeam "Chengdu"]
[WhiteFideId "8624500"]
[BlackFideId "8612722"]
[EventDate "2019.06.19"]
[EventType "team"]

1. e4 e5 2. Nf3 Nc6 3. Bc4 Bc5 4. d3 Nf6 5. Nc3 O-O 6. Bg5 Be7 7. h3 d6 8. Be3
Na5 9. Bb3 c5 10. O-O Bd7 11. Bd5 Rc8 12. a3 Nc6 13. Ba2 Nd4 14. Nd5 Nxd5 15.
Bxd5 Bc6 16. Bxc6 bxc6 17. c3 Nxf3+ 18. Qxf3 Bg5 19. b4 Be7 20. Qg3 Re8 21. Rfd1
Bf8 22. f4 exf4 23. Qxf4 Qe7 24. Rdb1 cxb4 25. axb4 Rc7 26. Ra6 c5 27. c4 cxb4
28. Rxb4 d5 29. Rba4 dxe4 30. dxe4 Qxe4 31. Qxc7 Qxe3+ 32. Kh2 Bc5 33. Ra1 Bd4
34. Kh1 Bxa1 35. Rxa1 h6 36. Rxa7 Qe1+ 37. Kh2 Qe5+ 38. Qxe5 Rxe5 39. Rc7 Kf8
40. c5 Ke8 41. Kg3 Rf5 42. c6 Rf6 43. Rc8+ Ke7 44. Kh4 Rf4+ 45. Kg3 Rc4 46. c7
g6 47. Rh8 Rxc7 48. Rxh6 1/2-1/2

[Event "CHN League Women 2019"]
[Site "Daqing CHN"]
[Date "2019.06.27"]
[Round "9.5"]
[Board "2"]
[White "Yan, Tianqi"]
[Black "Wang, Xuwen"]
[Result "1-0"]
[WhiteElo "2036"]
[BlackElo "1837"]
[WhiteTeam "Shandong"]
[BlackTeam "Wuxi"]
[WhiteFideId "8615250"]
[BlackFideId "8617848"]
[EventDate "2019.06.19"]
[EventType "team"]

1. e4 e6 2. d4 d5 3. Nd2 Be7 4. Bd3 Nf6 5. e5 Nfd7 6. f4 c5 7. c3 Nc6 8. Ndf3 a5
9. Ne2 cxd4 10. cxd4 Nb4 11. Bb1 b5 12. O-O Ba6 13. f5 O-O 14. fxe6 fxe6 15. a3
Nc6 16. Qc2 g6 17. Qxc6 Qb6 18. Qxb6 Nxb6 1-0

[Event "CHN League Women 2019"]
[Site "Daqing CHN"]
[Date "2019.06.27"]
[Round "9.5"]
[Board "3"]
[White "Chen, Yining"]
[Black "Wang, Xiyue"]
[Result "1-0"]
[WhiteTitle "WCM"]
[WhiteElo "1677"]
[BlackElo "1502"]
[WhiteTeam "Wuxi"]
[BlackTeam "Shandong"]
[WhiteFideId "8620946"]
[BlackFideId "8627711"]
[EventDate "2019.06.19"]
[EventType "team"]

1. d4 Nf6 2. c4 e6 3. Nf3 c6 4. Nc3 d5 5. Bg5 dxc4 6. e4 b5 7. e5 h6 8. Bh4 g5
9. Nxg5 hxg5 10. Bxg5 Nbd7 11. g3 Bb7 12. Bg2 Be7 13. exf6 Nxf6 14. O-O Qb6 15.
Qf3 Qxd4 16. Nxb5 Qe5 17. Bxf6 Bxf6 18. Nd6+ Qxd6 19. Qxf6 Qf8 20. Rfd1 Qh6 21.
Qxh6 Rxh6 22. Rac1 Rd8 23. Rxd8+ Kxd8 24. Rxc4 Kc7 25. f4 Rh8 26. Rd4 Rh5 27.
Rd2 Rc5 28. Bf3 Ba6 29. h4 Rf5 30. Rc2 Bb7 31. h5 Rf6 32. Rc5 Rh6 33. g4 Kd6 34.
b4 Rh8 35. Rg5 Ke7 36. Rc5 Kd6 37. Rc2 Ba8 38. Rd2+ Ke7 39. Kf2 a6 40. Ke3 Rb8
41. a3 Rh8 42. Kd3 Rb8 43. Kc4 f6 44. a4 e5 45. fxe5 fxe5 46. Be4 Bb7 47. Kc5
Rg8 48. Bf5 Bc8 49. Bxc8 Rxc8 50. g5 Kf7 51. Rf2+ Kg7 52. Re2 Rh8 53. h6+ Kg6
54. Rxe5 Rd8 55. Re6+ Kxg5 56. Rxc6 Rd1 57. Rxa6 Rc1+ 58. Kb5 Rf1 59. Rc6 Rf5+
60. Rc5 1-0

[Event "CHN League Women 2019"]
[Site "Daqing CHN"]
[Date "2019.06.27"]
[Round "9.6"]
[Board "1"]
[White "Liu, Manli"]
[Black "Li, Xinyang"]
[Result "1-0"]
[WhiteElo "2159"]
[BlackElo "1400"]
[WhiteTeam "Guangdong"]
[BlackTeam "Qingdao"]
[WhiteFideId "8608121"]
[BlackFideId "8622477"]
[EventDate "2019.06.19"]
[EventType "team"]

1. e4 c5 2. Nf3 Nc6 3. Bb5 d6 4. O-O e5 5. Re1 Nf6 6. c3 a6 7. Bf1 Be7 8. h3 O-O
9. d4 cxd4 10. cxd4 exd4 11. Nxd4 Nxd4 12. Qxd4 b5 13. Nc3 Bb7 14. Bf4 Nh5 15.
Bh2 Rc8 16. e5 g6 17. exd6 Bf6 18. Qd2 Bg5 19. Qd4 Bf6 20. Qd3 Rc4 21. Rad1 Rd4
22. Qe3 Rxd1 23. Nxd1 Bg5 24. Qd4 Ng7 25. Nc3 Ne6 26. Qa7 Qa8 27. Qxa8 Bxa8 28.
Ne4 Bxe4 29. Rxe4 Bc1 30. Be5 Nc5 31. Re1 Bg5 32. b4 Ne6 33. Be2 f6 34. Bg3 Nf4
35. Bf3 Nd3 36. Rd1 Nb2 37. Rd5 f5 38. d7 f4 39. Rxg5 fxg3 40. Bd5+ Kg7 41. Rxg3
Rd8 42. Be6 Kf6 43. Bg4 h5 44. Rf3+ Kg7 45. Be6 Nc4 46. Rf7+ Kh6 47. h4 Nd6 48.
Re7 Nb7 49. f3 Nd6 50. g4 hxg4 51. fxg4 g5 52. h5 Rf8 53. Bd5 Nb7 54. Bxb7 Rd8
55. Be4 Rh8 1-0

[Event "CHN League Women 2019"]
[Site "Daqing CHN"]
[Date "2019.06.27"]
[Round "9.6"]
[Board "2"]
[White "Chen, Qianru"]
[Black "Du, Yuxin"]
[Result "0-1"]
[WhiteElo "1255"]
[BlackElo "1973"]
[WhiteTeam "Qingdao"]
[BlackTeam "Guangdong"]
[WhiteFideId "8620350"]
[BlackFideId "8610282"]
[EventDate "2019.06.19"]
[EventType "team"]

1. d4 Nf6 2. c4 e6 3. Nc3 Bb4 4. e3 b6 5. Nf3 Bb7 6. Bd3 O-O 7. O-O Bxc3 8. bxc3
d6 9. Ba3 c5 10. Rb1 Qc7 11. Qe2 Nc6 12. Rfd1 Na5 13. Nd2 Qc6 14. Nf3 Rfe8 15.
Bc2 Ba6 16. Bb3 Qc7 17. Nd2 Red8 18. Rbc1 Rac8 19. Qf3 Bb7 20. Qe2 Ne4 21. Nxe4
Bxe4 22. d5 e5 23. f3 Bf5 24. e4 Bd7 25. Rb1 Rb8 26. Bc1 Qc8 27. Bd2 f5 28. Rf1
f4 29. Rfc1 Qa6 30. Qf1 Rf8 31. Kh1 Rf6 32. Be1 Rh6 33. Bf2 Rf8 34. Bg1 Qc8 35.
Rb2 Qe8 36. Rd2 Rff6 37. Rcc2 Rh4 38. Rf2 Rfh6 39. Rb2 Nb7 40. Bd1 Nd8 41. Qe1
Nf7 42. Be2 Ng5 43. Bf1 Rxh2+ 44. Bxh2 Qh5 45. g4 fxg3 46. Rg2 gxh2 47. Qg3 Qxf3
48. Qxf3 Nxf3 49. Rbf2 Nh4 50. Rxh2 g5 51. Rfg2 Rg6 52. Rg3 Kg7 53. Be2 Kf6 54.
Rf2+ Ke7 55. Bh5 Rf6 56. Kg1 Rxf2 57. Kxf2 Kf6 58. Rg1 Ng6 59. Bd1 Nf4 60. Rh1
Kg6 61. a4 h5 62. Bc2 g4 63. a5 bxa5 64. Ra1 h4 65. Rxa5 g3+ 66. Kg1 Bg4 67. Ra6
h3 68. Rxd6+ Kg5 69. Kf1 h2 0-1

[Event "CHN League Women 2019"]
[Site "Daqing CHN"]
[Date "2019.06.27"]
[Round "9.7"]
[Board "1"]
[White "Hu, Yu A."]
[Black "Zhou, Jingyi"]
[Result "1/2-1/2"]
[WhiteElo "2073"]
[BlackElo "1630"]
[WhiteTeam "Heilongjiang"]
[BlackTeam "Chongqing"]
[WhiteFideId "8609993"]
[BlackFideId "8615322"]
[EventDate "2019.06.19"]
[EventType "team"]

1. e4 c5 2. Nf3 e6 3. c3 d5 4. exd5 Qxd5 5. d4 Nf6 6. Na3 Nc6 7. Be3 cxd4 8. Nb5
Qd8 9. Nbxd4 Nxd4 10. Bxd4 Be7 11. Bd3 O-O 12. O-O b6 13. Qc2 h6 14. Rad1 Qe8
15. Ne5 Bb7 16. f4 Rc8 17. f5 Bc5 18. Qf2 Bxd4 19. Qxd4 Rd8 20. Qf2 exf5 21.
Qxf5 Rd5 22. Rfe1 Qd8 23. c4 Rd4 24. Qf2 Be4 25. Bc2 Rxd1 26. Rxd1 Qc7 27. Bxe4
Nxe4 28. Qd4 Nf6 29. b3 Re8 30. Nf3 Re7 1/2-1/2

[Event "CHN League Women 2019"]
[Site "Daqing CHN"]
[Date "2019.06.27"]
[Round "9.7"]
[Board "2"]
[White "Huang, Qianyi"]
[Black "Jiang, Zhaoyi"]
[Result "0-1"]
[BlackTitle "WCM"]
[WhiteElo "1298"]
[BlackElo "1952"]
[WhiteTeam "Chongqing"]
[BlackTeam "Heilongjiang"]
[WhiteFideId "8625999"]
[BlackFideId "8611050"]
[EventDate "2019.06.19"]
[EventType "team"]

1. d4 Nf6 2. c4 e6 3. Nc3 Bb4 4. e3 O-O 5. Nf3 Bxc3+ 6. bxc3 d6 7. Bd3 Qe7 8. e4
e5 9. d5 Na6 10. O-O Nc5 11. Re1 a5 12. a4 Nfd7 13. Be3 b6 14. Bc2 Ba6 15. Nd2
Rac8 16. Qe2 c6 17. Qg4 Rc7 18. h4 Kh8 19. h5 Nf6 20. Qh3 Bc8 21. Qh4 Nxd5 22.
Qxe7 Nxe7 23. h6 g6 24. Rab1 Rb7 25. f4 Nd7 26. f5 gxf5 27. exf5 d5 28. f6 Ng8
29. Bg5 e4 30. cxd5 cxd5 31. Bb3 Rc7 32. Bxd5 Ngxf6 33. c4 Nxd5 34. cxd5 f5 35.
d6 Rc3 36. Rbc1 Rxc1 37. Rxc1 Nc5 38. Be7 Re8 39. Nc4 Nxa4 40. Rd1 Bd7 41. Ne5
Nc5 42. Rc1 Be6 43. Rb1 Na4 44. Rc1 Nc5 45. Rb1 Rb8 46. Nc6 Rb7 47. Nd8 Rb8 48.
Bg5 Bd7 49. Rc1 Kg8 50. Rd1 Nd3 51. Be7 Rc8 52. Kh2 a4 53. Rd2 f4 54. Re2 e3 55.
g3 Bg4 56. Ne6 Bxe6 57. gxf4 a3 58. Rg2+ Kf7 59. Rg7+ Ke8 60. Bf6 e2 61. Re7+
Kf8 62. Bh4 a2 63. Ra7 0-1